000 00715nam a2200229 i 4500
001 IT\ICCU\FER\0165312
003 ItRI
005 20260216160202.0
008 980411s1998 it |||||| ||||| |||||c
015 _2IT
_a99-9689
020 _a8877682329
040 _bita
_cArcigay Verona
041 7 _aita
_2ISO-639-2
082 _a811.4
_9Poesia americana in lingua inglese. 1861-1900
_220
100 1 _aCenni, Alessandra
_0IT\ICCU\CFIV\031274
_4aut
245 1 0 _aCercando Emily Dickinson /
_cAlessandra Cenni.
260 _aMilano :
_bArchinto,
_c\1998!
300 _a156 p. ;
_c21 cm.
650 7 _aDickinson, Emily
_xBiografia
_2scbi
830 0 _aBiografie e ritratti
_0IT\ICCU\RAV\0242839
942 _2ddc
_cBK
_n0
999 _c28650
_d28650